Genetic diversity and expression of the [NiFe] hydrogenase large- subunit gene of Desulfovibrio spp. in environmental samples /
Shranjeno v:
| Glavni avtor: | |
|---|---|
| Drugi avtorji: | , |
| Format: | Bài viết |
| Jezik: | English |
| Teme: | |
| Oznake: |
Označite
Brez oznak, prvi označite!
|
| Thư viện lưu trữ: | Thư viện Trường Đại học Đà Lạt |
|---|
| LEADER | 01030nam a2200349 4500 | ||
|---|---|---|---|
| 001 | DLU090096340 | ||
| 005 | ##20091201 | ||
| 040 | # | # | |a DLU |b eng |
| 041 | # | # | |a eng |
| 044 | # | # | |a us |
| 100 | # | # | |a Wawer, C. |
| 245 | # | # | |a Genetic diversity and expression of the [NiFe] hydrogenase large- subunit gene of Desulfovibrio spp. in environmental samples / |c C. Wawer, M. S. Jetten, G. Muyzer. |
| 653 | # | # | |a Anaerobiosis |
| 653 | # | # | |a Bioreactor |
| 653 | # | # | |a Desulfovibrio |
| 653 | # | # | |a Enzyme |
| 653 | # | # | |a Gene |
| 653 | # | # | |a Homology |
| 653 | # | # | |a Isolate |
| 653 | # | # | |a Phylogeny |
| 700 | # | # | |a Jetten, M. S. |
| 700 | # | # | |a Muyzer, G. |
| 773 | # | # | |t Applied and Environmental Microbiology |g Vol. 63, no. 11 (November 1997), p. 4360-4369 |
| 920 | # | # | |a Phòng Tạp chí -- Trung tâm Thông tin - Thư viện Trường Đại học Đà Lạt |
| 994 | # | # | |a DLU |
| 900 | # | # | |a True |
| 911 | # | # | |a Trương Bảo Trâm Anh |
| 925 | # | # | |a G |
| 926 | # | # | |a A |
| 927 | # | # | |a BB |
| 980 | # | # | |a Thư viện Trường Đại học Đà Lạt |